Les pays ou il y'a les plus gros salaires moyen - Statistiques

Statistiques générales
  • Ce quiz a été pris 129 fois
  • Le résultat moyen est 11 sur 20
Statistiques - réponses
TOP Salaire moyen 💰 Pays % Correct
19 ≈ 3584€ 💰 France
90%
1 ≈ 7534€ 💰 Suisse
88%
4 ≈ 5809€ 💰 Etats-Unis
87%
8 ≈ 4573€ 💰 Allemagne
80%
15 ≈ 3967€ 💰 Canada
78%
14 ≈ 4019€ 💰 Belgique
71%
5 ≈ 4990€ 💰 Luxembourg
66%
9 ≈ 4474€ 💰 Norvège
61%
10 ≈ 4375€ 💰 Pays-Bas
60%
12 ≈ 4116€ 💰 Suède
58%
16 ≈ 3966€ 💰 Finlande
51%
11 ≈ 4243€ 💰 Australie
50%
3 ≈ 6037€ 💰 Danemark
47%
20 ≈ 3520€ 💰 Angleterre
46%
6 ≈ 4944€ 💰 Monaco
46%
13 ≈ 4075€ 💰 Autriche
44%
18 ≈ 3691€ 💰 Nouvelle-Zélande
34%
7 ≈ 4760€ 💰 Singapour
33%
2 ≈ 6254€ 💰 Liechtenstein
31%
17 ≈ 3847€ 💰 Ireland
3%
Aucun quiz correspondant
Distribution des résultats
% des personnes avec chaque résultat
Percentile par nombre de réponses
Votre historique - résultats
Vous n’avez pas pris ce quiz